Trisomy 21 : an international symposium, Convento delle Clarisse, Rapallo, Italy, November 8-10, 1979 /

Bibliographic Details
Other Authors: Burgio, G. R., Anneren, G.
Format: Book
Language:English
Published: Berlin ; New York : Springer-Verlag, 1981.
Series:Human genetics. Supplement ; 2.
Subjects:

MARC

Tag First Indicator Second Indicator Subfields
LEADER 00000cam a22000008a 4500
001 in00000076699
005 20151008053741.0
008 810309s1981 wb a b 10100 eng
010 |a  81004956  
020 |a 0387106537 (U.S.) 
035 |a (OCoLC)07284099 
035 |9 AAH8521AM 
039 0 |a 2  |b 3  |c 3  |d 3  |e 3 
040 |a DLC  |c DLC  |d TXA  |d UtOrBLW 
049 |a TXAM  |c [1803351] 
050 0 0 |a RJ506.D68  |b T74 
082 0 |a 616.85/8842  |2 19 
245 0 0 |a Trisomy 21 :  |b an international symposium, Convento delle Clarisse, Rapallo, Italy, November 8-10, 1979 /  |c organizers, G.R. Burgio, M. Fraccaro, and L. Tiepolo ; editors, G.R. Burgio [and others] ; contributors, G. Anneren [and others]. 
263 |a 8104 
264 1 |a Berlin ;  |a New York :  |b Springer-Verlag,  |c 1981. 
300 |a vi, 265 pages :  |b illustrations ;  |c 24 cm. 
336 |a text  |b txt  |2 rdacontent 
337 |a unmediated  |b n  |2 rdamedia 
338 |a volume  |b nc  |2 rdacarrier 
490 1 |a Human genetics. Supplement ;  |v 2 
504 |a Includes bibliographies and indexes. 
650 0 |a Down syndrome  |x Genetic aspects  |x Congresses. 
650 0 |a Down syndrome  |x Congresses. 
650 2 |a Chromosomes, Human, 21-22 and Y  |x Congresses. 
650 2 |a Trisomy  |x Congresses. 
700 1 |a Burgio, G. R. 
700 1 |a Anneren, G. 
830 0 |a Human genetics.  |p Supplement ;  |v 2. 
999 |a MARS 
999 f f |s c588c199-f8c2-30ba-8f24-18d4c908e70a  |i 8401f071-292c-3a23-bc88-788b1337b319  |t 0 
952 f f |p normal  |a Texas A&M University  |b College Station  |c Sterling C. Evans Library  |d Evans: Library Stacks  |t 0  |e RJ506.D68 T74  |h Library of Congress classification  |i unmediated -- volume  |m A14807260705 
998 f f |a RJ506.D68 T74  |t 0  |l Evans: Library Stacks